00365nam a2200157Ia 45000010006000000050017000060080041000230410008000640820016000721000028000882450032001162600009001483000034001576500008001916540008001991453120260306164921.0260306t1998||||xx |||||||||||||| ||spa|| aESP a515.15bP63 aPita Ruiz, ClaudioeAUT 0aCálculo:bde una variable c1998 axvii, 891 páginas :c27 cm. aGEN aCMA